Catálogo

Dios, el dinero y la conciencia : (Registro nro. 66854)

Detalles MARC
000 -LEADER
fixed length control field 01395cam a2200349 i 4500
001 - CONTROL NUMBER
control field 66854
003 - CONTROL NUMBER IDENTIFIER
control field Mx-PuUPA
005 - DATE AND TIME OF LATEST TRANSACTION
control field 20240410104243.0
008 - FIXED-LENGTH DATA ELEMENTS--GENERAL INFORMATION
fixed length control field 170313s2011 sp r 000 0 spa d
020 ## - INTERNATIONAL STANDARD BOOK NUMBER
International Standard Book Number 9788429319347
040 ## - CATALOGING SOURCE
Original cataloging agency Mx-PuUPA
Language of cataloging spa
Transcribing agency Mx-PuUPA
Modifying agency Mx-PuUPA
Description conventions rda
041 1# - LANGUAGE CODE
Language code of text/sound track or separate title spa
Language code of original eng
100 1# - MAIN ENTRY--PERSONAL NAME
Personal name Grün, Anselm
Relator term autor
Dates associated with a name 1945-
9 (RLIN) 11571
240 10 - UNIFORM TITLE
Uniform title Gott, Geld und Gewissen, Dialog zwischen einem Mönch und einem Top-Manager.
Language of a work Español
245 10 - TITLE STATEMENT
Title Dios, el dinero y la conciencia :
Remainder of title diálogo entre un monje y un alto ejecutivo /
Statement of responsibility, etc. Anselm Grün, Jochen Zeitz ; traducción, José Manuel Lozano.
264 #1 - PRODUCTION, PUBLICATION, DISTRIBUTION, MANUFACTURE, AND COPYRIGHT NOTICE
Place of production, publication, distribution, manufacture España :
Name of producer, publisher, distributor, manufacturer Sal Terrae,
Date of production, publication, distribution, manufacture, or copyright notice 2011
300 ## - PHYSICAL DESCRIPTION
Extent 229 páginas ;
Dimensions 21 cm.
336 ## - CONTENT TYPE
Content type term texto
Fuente rdacontent
Content type code txt
337 ## - MEDIA TYPE
Media type term sin medio
Source rdamedia
Media type code n
338 ## - CARRIER TYPE
Carrier type term volumen
Source rdacarrier
Carrier type code nc
490 0# - SERIES STATEMENT
Series statement Colección Servidores y Testigos ;
Volume/sequential designation 124
650 #4 - SUBJECT ADDED ENTRY--TOPICAL TERM
Topical term or geographic name entry element Religiosos
General subdivision Condiciones económicas
650 #4 - SUBJECT ADDED ENTRY--TOPICAL TERM
Topical term or geographic name entry element Ética en los negocios
650 #4 - SUBJECT ADDED ENTRY--TOPICAL TERM
Topical term or geographic name entry element Vida monástica y religiosa
General subdivision Aspectos éticos
650 #4 - SUBJECT ADDED ENTRY--TOPICAL TERM
Topical term or geographic name entry element Empresarios
General subdivision Condiciones sociales y culturales
700 1# - ADDED ENTRY--PERSONAL NAME
Personal name Zeitz, Jochen,
Relator term autor
9 (RLIN) 3650
700 1# - ADDED ENTRY--PERSONAL NAME
Personal name Lozano, José Manuel,
Relator term traductor
765 08 - ORIGINAL LANGUAGE ENTRY
Main entry heading Grün, Anselm, 1945-
Title Gott, Geld und Gewissen, Dialog zwischen einem Mönch und einem Top-Manager.
942 ## - ADDED ENTRY ELEMENTS (KOHA)
Source of classification or shelving scheme Dewey Decimal Classification
Koha item type Libro
Classification part 174.4
Item part G885
Existencias
Withdrawn status Lost status Source of classification or shelving scheme Damaged status Not for loan Collection code Home library Current library Shelving location Date acquired Source of acquisition Total Checkouts Full call number Barcode Date last seen Date last checked out Price effective from Koha item type
    Dewey Decimal Classification   Consulta en sala Magisterial Biblioteca Karol Wojtyla Biblioteca Karol Wojtyla Sala general 13/03/2017 Compra 1 174.4 G885 2011 97157 05/01/2026 26/08/2019 14/06/2017 Magisterial